00582nmm a2200157Ia 4500008004100000020001800041041000800059100002200067245013400089264005100223300001800274650003600292700002200328700002300350856005100373251105s9999||||xx |||||||||||||||||und|| a9788499406909 aspa aGuilaumet, Jaume  0aEl periodismo en las transiciones políticas : De la Revolución Portuguesa y la Transición Española a la Primavera Árabe a[Madrid, España] :bBiblioteca Nueva, c2014 a368 páginas aMedia Studies (Journ., TV, etc) aGuilaumet, Jaume 1 a Salgado, Francesc uhttps://public.digitaliapublishing.com/a/29867